LEADER 00896nam a2200229 i 4500 001 000000106933 003 CaOOAMICUS 005 20060608000000.0 008 060608s1987 it u000 u ita u 013 $a79128 040 $aSeMil$bita 240 10$aConversaciones con Mons. Escrivà de Balaguer.$0(OLS)http://semarc/title/155073 245 10$aColloqui con Mons. Escrivà. 250 $a5. ed. italiana. 260 $aMilano :$bAres,$ccopyr. 1987. 300 $a195 p. ;$c21 cm. 650 4$aEscrivá de Balaguer, Josemaría - Interviste.$0(OLS)http://semarc/subject/18610 850 $aSeMil 852 $aSeMil$W1$xVenegono$y1$m3E III 285$j63030$B63030$CSeMilBibl$Z2$F72289 $81 961 $aLascito: Scanziani don Federico 996 $6245$aColloqui con Mons. Escrivà$9(OLS)http://semarc/title/155072 996 $6260$aMilano :$bAres$9(OLS)http://semarc/publisher/30250 LEADER 00693nam a2200193 i 4500 001 000000244347 003 CaOOAMICUS 005 20150804000000.0 008 150804n it u000 u ita u 013 $a223252 040 $aSeMil$bita 245 10$aVolume primo. 300 $aXI, 582 p. :$bill., [2] p. di ritratto. 500 $aFondo card. Giovanni Colombo. 773 0 $aZanon, Francesco Saverio$tServi di Dio P. Anton'Angelo e P. Marcantonio conti Cavanis.$dVenezia : Libreria Emiliana, 1925.$w()32352 850 $aSeMil 852 $aSeMil$W1$xVenegono$y1$m3GC IV 238/1$j194693$B194693$CSeMilBibl$Z2$F205209 $8B 941 1 $a3 996 $6245$aVolume primo$9(OLS)http://semarc/title/17661